[Event "SM-2012-0-00226"]
[Site "LSS email"]
[Date "2012.11.05"]
[Round "?"]
[White "Salvatore, Carmine"]
[Black "Sanga, Alberto"]
[Result "1/2-1/2"]
[WhiteElo "2259"]
[BlackElo "2118"]
[PlyCount "76"]
[EventDate "2012.10.19"]
[EventType "tourn (corr)"]
[EventRounds "6"]
[EventCountry "GER"]
[SourceTitle "Telechess CBM 161"]
[Source "ChessBase"]
[SourceDate "2014.07.16"]
[SourceVersion "1"]
[SourceVersionDate "2014.07.16"]
[SourceQuality "1"]

1. e4 c6 2. d4 d5 3. exd5 cxd5 4. c4 Nf6 5. c5 e5 6. Nc3 exd4 7. Qxd4 Nc6 8. Bb5 Be7 9. Bxc6+ bxc6 10. Nf3 0-0 11. Ne5 Qc7 12. 0-0 Re8 13. Nf3 Bf5 14. Bf4 Qb7 15. Rae1 a5 16. Na4 Nd7 17. Qc3 Bf6 18. Nd4 Qa6 19. Re3 Rxe3 20. Bxe3 Re8 21. b3 Bd3 22. Rc1 Ne5 23. Nb2 Be4 24. Qd2 h6 25. Re1 Bg6 26. h3 Qa7 27. f4 Nd7 28. f5 Qxc5 29. Nf3 Rxe3 30. Qxe3 Qxe3+ 31. Rxe3 Bxf5 32. Re8+ Kh7 33. Nd1 Bb1 34. Ra8 Bxa2 35. Nd2 Nc5 36. Rxa5 Bxb3 37. Rxc5 Bxd1 38. Rxc6 Ba4 1/2-1/2

[Event "SM-2012-0-00226"]
[Site "LSS email"]
[Date "2012.11.05"]
[Round "?"]
[White "Sanga, Alberto"]
[Black "Anderskewitz, Ralf"]
[Result "1/2-1/2"]
[WhiteElo "2118"]
[BlackElo "2255"]
[PlyCount "57"]
[EventDate "2012.10.19"]
[EventType "tourn (corr)"]
[EventRounds "6"]
[EventCountry "GER"]
[SourceTitle "Telechess CBM 161"]
[Source "ChessBase"]
[SourceDate "2014.07.16"]
[SourceVersion "1"]
[SourceVersionDate "2014.07.16"]
[SourceQuality "1"]

1. c4 c6 2. d4 d5 3. Nc3 Nf6 4. cxd5 cxd5 5. Bf4 Nc6 6. e3 a6 7. Bd3 Bg4 8. Nge2 e6 9. 0-0 Be7 10. Rc1 0-0 11. f3 Bh5 12. Na4 Nd7 13. Qb3 Ra7 14. e4 Nf6 15. e5 Nd7 16. Bd2 Bg5 17. Qc2 Bxd2 18. Qxd2 Ra8 19. Nc5 Nxc5 20. Rxc5 f6 21. exf6 Qxf6 22. Bc2 Bg6 23. Ba4 Be8 24. Rfc1 Na7 25. Bd1 Bd7 26. Qe3 Rac8 27. a4 Rxc5 28. Rxc5 Rc8 29. Qc3 1/2-1/2

[Event "SM-2012-0-00201"]
[Site "LSS email"]
[Date "2012.05.16"]
[Round "?"]
[White "Jarabinsky, Martin"]
[Black "Sanga, Alberto"]
[Result "1/2-1/2"]
[WhiteElo "2152"]
[BlackElo "2119"]
[PlyCount "66"]
[EventDate "2012.04.21"]
[EventType "tourn (corr)"]
[EventRounds "6"]
[EventCountry "GER"]
[SourceTitle "Telechess CBM 159"]
[Source "ChessBase"]
[SourceDate "2014.03.17"]
[SourceVersion "1"]
[SourceVersionDate "2014.03.17"]
[SourceQuality "1"]

1. e4 c6 2. d4 d5 3. Nc3 dxe4 4. Nxe4 Bf5 5. Ng3 Bg6 6. h4 h6 7. Nf3 Nd7 8. h5 Bh7 9. Bd3 Bxd3 10. Qxd3 e6 11. Bf4 Qa5+ 12. Bd2 Bb4 13. Ne4 Ngf6 14. Nd6+ Ke7 15. Nc4 Bxd2+ 16. Nfxd2 Qc7 17. Qa3+ c5 18. Nb3 b5 19. Nxc5 Nxc5 20. Ne5 Rhc8 21. Nd3 Nfe4 22. dxc5 Nxc5 23. 0-0 a5 24. c3 Qd6 25. Rfd1 b4 26. cxb4 Nxd3 27. Qxd3 Qxd3 28. Rxd3 axb4 29. b3 Rd8 30. Rxd8 Rxd8 31. Rc1 Rd2 32. Rc4 Rxa2 33. Rxb4 Ra1+ 1/2-1/2

[Event "SM-2012-0-00201"]
[Site "LSS email"]
[Date "2012.05.16"]
[Round "?"]
[White "Sanga, Alberto"]
[Black "Fages, Jorge Juan"]
[Result "1/2-1/2"]
[WhiteElo "2119"]
[BlackElo "2195"]
[PlyCount "65"]
[EventDate "2012.04.21"]
[EventType "tourn (corr)"]
[EventRounds "6"]
[EventCountry "GER"]
[SourceTitle "Telechess CBM 159"]
[Source "ChessBase"]
[SourceDate "2014.03.17"]
[SourceVersion "1"]
[SourceVersionDate "2014.03.17"]
[SourceQuality "1"]

1. e4 c5 2. Nf3 Nc6 3. d4 cxd4 4. Nxd4 Nf6 5. Nc3 d6 6. Bg5 e6 7. Qd2 a6 8. 0-0-0 Bd7 9. f4 b5 10. Bxf6 gxf6 11. Kb1 Qb6 12. Nxc6 Bxc6 13. f5 h5 14. Qd3 b4 15. Ne2 e5 16. h4 Bh6 17. Ng3 Bf4 18. Qxd6 Rd8 19. Qxd8+ Qxd8 20. Rxd8+ Kxd8 21. Rh3 a5 22. Bd3 a4 23. Ne2 Rg8 24. c3 bxc3 25. Nxc3 Rxg2 26. Bc4 Rg1+ 27. Kc2 Rg2+ 28. Kb1 Bd2 29. Rd3+ Ke7 30. Nd5+ Kf8 31. Nxf6 Ke7 32. Nd5+ Kf8 33. Nf6 1/2-1/2

[Event "SM-2012-0-00201"]
[Site "LSS email"]
[Date "2012.05.16"]
[Round "?"]
[White "Sukhorskij, Vladimir Stanislavo"]
[Black "Sanga, Alberto"]
[Result "1-0"]
[WhiteElo "2096"]
[BlackElo "2119"]
[PlyCount "115"]
[EventDate "2012.04.21"]
[EventType "tourn (corr)"]
[EventRounds "6"]
[EventCountry "GER"]
[SourceTitle "Telechess CBM 159"]
[Source "ChessBase"]
[SourceDate "2014.03.17"]
[SourceVersion "1"]
[SourceVersionDate "2014.03.17"]
[SourceQuality "1"]

1. e4 c6 2. d4 d5 3. e5 Bf5 4. Nf3 e6 5. Be2 Nd7 6. 0-0 h6 7. a4 Ne7 8. a5 a6 9. b4 Nc8 10. c3 Na7 11. Ne1 Nb5 12. Bd2 Be7 13. Na3 Bg5 14. f4 Be7 15. Bd3 Bxd3 16. Nxd3 g6 17. Qc2 h5 18. Be3 h4 19. Ra2 Nxa3 20. Rxa3 h3 21. g3 Qc7 22. c4 dxc4 23. Qxc4 Nf8 24. Rb3 Qd8 25. Rb2 Qd5 26. Qxd5 exd5 27. f5 gxf5 28. Rxf5 Ne6 29. Ra2 Rh7 30. Kf1 Rb8 31. Nc5 Nxc5 32. bxc5 Kd7 33. Rf3 Ke6 34. Rb2 Bd8 35. Rbf2 Be7 36. Bd2 Rc8 37. Rb3 Rc7 38. Ke2 Rg7 39. Bh6 Rh7 40. Bf4 Rd7 41. g4 Bd8 42. Bd2 Rg7 43. g5 Bxg5 44. Rg3 f6 45. Bxg5 fxg5 46. Rf6+ Ke7 47. Rxh3 Rd8 48. Rb3 Rd7 49. Rh6 Kd8 50. e6 Rde7 51. Kf3 Rg8 52. Kg4 Rf8 53. Kxg5 Rf2 54. Rh8+ Kc7 55. h4 Rg7+ 56. Kh6 Re7 57. Re3 Rf6+ 58. Kg5 1-0

[Event "WC-2016-P-00019"]
[Site "LSS email"]
[Date "2012.02.12"]
[Round "?"]
[White "Sanga, Alberto"]
[Black "Luers, Charles J"]
[Result "1-0"]
[WhiteElo "2115"]
[BlackElo "1769"]
[PlyCount "109"]
[EventDate "2012.02.15"]
[EventType "tourn (corr)"]
[EventRounds "12"]
[EventCountry "GER"]
[SourceTitle "Telechess CBM 165"]
[Source "ChessBase"]
[SourceDate "2015.03.11"]
[SourceVersion "1"]
[SourceVersionDate "2015.03.11"]
[SourceQuality "1"]

1. e4 c5 2. Nf3 d6 3. d4 cxd4 4. Nxd4 Nf6 5. Nc3 a6 6. Bg5 e6 7. f4 Qb6 8. Qd2 Qxb2 9. Rb1 Qa3 10. e5 dxe5 11. fxe5 Nfd7 12. Ne4 h6 13. Bh4 Qxa2 14. Rd1 Qd5 15. Qe3 Qxe5 16. Be2 Bc5 17. Bg3 Bxd4 18. Rxd4 Qa5+ 19. Rd2 0-0 20. Bd6 Rd8 21. Qg3 Qf5 22. Be5 Qg6 23. Qh4 Nc6 24. Bh5 Qf5 25. Bxg7 Nc5 26. Nxc5 Kxg7 27. Rf1 Qe5+ 28. Ne4 Qa1+ 29. Rd1 Rxd1+ 30. Bxd1 Qe5 31. Rf6 Bd7 32. Qxh6+ Kg8 33. Rf4 f5 34. Rh4 Rd8 35. Rh3 Qxe4+ 36. Kf1 Qe5 37. Rg3+ Qxg3 38. hxg3 Kf7 39. Qh7+ Kf8 40. Bf3 Be8 41. Qxb7 Ne5 42. Qxa6 Ke7 43. Qa5 Nxf3 44. gxf3 Rd5 45. Qc7+ Rd7 46. Qc5+ Kf7 47. c4 Rd1+ 48. Ke2 Ra1 49. g4 fxg4 50. fxg4 Ra2+ 51. Ke3 Ra1 52. Qc7+ Kf8 53. Qd6+ Kf7 54. g5 Rg1 55. Qd8 1-0

[Event "SA-2011-0-00229"]
[Site "LSS email"]
[Date "2011.11.14"]
[Round "?"]
[White "Sanga, Alberto"]
[Black "Real, Vanessa Tatiana Vie"]
[Result "1-0"]
[WhiteElo "2094"]
[BlackElo "1884"]
[PlyCount "25"]
[EventDate "2011.11.02"]
[EventType "tourn (corr)"]
[EventRounds "6"]
[EventCountry "GER"]
[SourceTitle "Corr 2015"]
[Source "ChessBase"]
[SourceDate "2015.07.17"]
[SourceVersion "1"]
[SourceVersionDate "2015.07.17"]
[SourceQuality "1"]

1. d4 Nf6 2. c4 e6 3. g3 d5 4. Bg2 dxc4 5. Nf3 Bd7 6. Qc2 c5 7. Qxc4 Bc6 8. dxc5 Nbd7 9. Be3 Bd5 10. Qa4 Bc6 11. Qc4 Bd5 12. Qa4 Bc6 13. Qc4 1-0

[Event "SA-2011-0-00208"]
[Site "LSS email"]
[Date "2011.08.08"]
[Round "?"]
[White "Sanga, Alberto"]
[Black "Kolanek, Roman"]
[Result "1-0"]
[WhiteElo "2077"]
[BlackElo "2020"]
[PlyCount "65"]
[EventDate "2011.07.21"]
[EventType "tourn (corr)"]
[EventRounds "6"]
[EventCountry "GER"]
[SourceTitle "Telechess CBM 149"]
[Source "ChessBase"]
[SourceDate "2012.07.17"]
[SourceVersion "1"]
[SourceVersionDate "2012.07.17"]
[SourceQuality "1"]

1. d4 Nf6 2. c4 e6 3. g3 d5 4. Bg2 Be7 5. Nf3 0-0 6. 0-0 dxc4 7. Qc2 a6 8. Qxc4 b5 9. Qc2 Bb7 10. Bd2 Be4 11. Qc1 Nc6 12. Be3 Na5 13. Nbd2 Bb7 14. Rd1 Nd5 15. Nb3 Nxb3 16. axb3 Qd6 17. Bd2 Rac8 18. e4 Nb6 19. Bf4 Qc6 20. Qd2 Rfd8 21. Rac1 Qd7 22. Qe2 Bd6 23. Bg5 Be7 24. Ne5 Qe8 25. Be3 Bf6 26. f4 Bxe5 27. fxe5 h6 28. Qg4 f5 29. exf6 Qf7 30. fxg7 Qxg7 31. Qh4 Kh7 32. Rc5 Nd5 33. exd5 1-0

[Event "SA-2011-0-00208"]
[Site "LSS email"]
[Date "2011.08.08"]
[Round "?"]
[White "Sanga, Alberto"]
[Black "Mostowik, Daniel"]
[Result "1-0"]
[WhiteElo "2077"]
[BlackElo "1909"]
[PlyCount "51"]
[EventDate "2011.07.21"]
[EventType "tourn (corr)"]
[EventRounds "6"]
[EventCountry "GER"]
[SourceTitle "Telechess CBM 149"]
[Source "ChessBase"]
[SourceDate "2012.07.17"]
[SourceVersion "1"]
[SourceVersionDate "2012.07.17"]
[SourceQuality "1"]

1. c4 Nf6 2. d4 g6 3. Nc3 Bg7 4. e4 d6 5. f3 0-0 6. Be3 e5 7. Nge2 Nbd7 8. Qd2 c6 9. d5 cxd5 10. cxd5 a6 11. g4 b5 12. Ng3 Nb6 13. h4 b4 14. Nd1 a5 15. h5 Na4 16. Qh2 Bxg4 17. fxg4 Nxg4 18. Qh3 Nxe3 19. Nxe3 Qg5 20. Nc4 Rfc8 21. hxg6 hxg6 22. Rh2 Kf8 23. Rg2 Rxc4 24. Bxc4 Qe3+ 25. Kf1 Ke7 26. Nf5+ 1-0

[Event "BI-2011-P-00031"]
[Site "LSS email"]
[Date "2011.04.17"]
[Round "?"]
[White "Daenen, Serge"]
[Black "Sanga, Alberto"]
[Result "1-0"]
[WhiteElo "2202"]
[BlackElo "2077"]
[PlyCount "115"]
[EventDate "2011.04.20"]
[EventType "tourn (corr)"]
[EventRounds "10"]
[EventCountry "GER"]
[SourceTitle "Telechess CBM 149"]
[Source "ChessBase"]
[SourceDate "2012.07.17"]
[SourceVersion "1"]
[SourceVersionDate "2012.07.17"]
[SourceQuality "1"]

1. d4 d5 2. c4 e6 3. Nc3 Be7 4. cxd5 exd5 5. f3 Nf6 6. e4 dxe4 7. fxe4 0-0 8. Nf3 c5 9. d5 Re8 10. Be2 Bd6 11. e5 Bxe5 12. Nxe5 Rxe5 13. 0-0 Qb6 14. a4 c4+ 15. Kh1 Na6 16. Bf4 Re8 17. Bxc4 Bg4 18. Qc1 Bd7 19. b3 Rac8 20. Qd2 Nc5 21. a5 Qb4 22. Ne4 Qxd2 23. Nxf6+ gxf6 24. Bxd2 b5 25. axb6 axb6 26. Rf3 b5 27. Bf1 Ne4 28. Be1 Ra8 29. Rc1 Rac8 30. Ra1 Ra8 31. Rb1 Re5 32. Rd3 Bf5 33. Rbd1 Bg4 34. Rc1 Rd8 35. h3 Bf5 36. Rcd1 Nd6 37. R3d2 Kg7 38. Kh2 b4 39. Re2 Rxe2 40. Bxe2 Bc2 41. Rd4 Re8 42. Bxb4 Rxe2 43. Bxd6 Be4 44. Kg3 Kg6 45. b4 Rxg2+ 46. Kf4 Bf5 47. b5 Bxh3 48. Ke3 Bc8 49. b6 f5 50. Bc7 f4+ 51. Rxf4 Rg3+ 52. Kd4 Rb3 53. d6 f5 54. Kc4 Be6+ 55. Kc5 Rb1 56. Rb4 Rc1+ 57. Kd4 Rd1+ 58. Kc3 1-0

[Event "BI-2011-P-00031"]
[Site "LSS email"]
[Date "2011.04.17"]
[Round "?"]
[White "Sanga, Alberto"]
[Black "Zukan, Jakob"]
[Result "1-0"]
[WhiteElo "2077"]
[BlackElo "1294"]
[PlyCount "83"]
[EventDate "2011.04.20"]
[EventType "tourn (corr)"]
[EventRounds "10"]
[EventCountry "GER"]
[SourceTitle "Telechess CBM 149"]
[Source "ChessBase"]
[SourceDate "2012.07.17"]
[SourceVersion "1"]
[SourceVersionDate "2012.07.17"]
[SourceQuality "1"]

1. Nf3 Nf6 2. c4 e6 3. g3 d5 4. Bg2 Be7 5. d4 0-0 6. Qc2 c5 7. 0-0 cxd4 8. Nxd4 Nc6 9. Nxc6 bxc6 10. b3 Bb7 11. Bb2 Bd6 12. Nd2 e5 13. cxd5 cxd5 14. Nc4 Qc8 15. Ne3 Qxc2 16. Nxc2 Ba6 17. Ne3 Rac8 18. Nf5 Rc2 19. Rab1 Bb4 20. a3 Bd2 21. Bxe5 Bxe2 22. Nd4 Bxf1 23. Nxc2 Bxg2 24. Kxg2 Ne4 25. Bd4 Nc3 26. Ra1 a5 27. Ne3 Ra8 28. h4 h6 29. Nf1 Nb5 30. Bxg7 Kxg7 31. Nxd2 a4 32. Rc1 Nxa3 33. Ra1 axb3 34. Nb1 Nxb1 35. Rxa8 Nd2 36. Rb8 Kf6 37. Rb4 Ke5 38. f3 Kd6 39. g4 Kc5 40. Rb7 d4 41. g5 h5 42. f4 1-0

[Event "BI-2011-P-00031"]
[Site "LSS email"]
[Date "2011.04.17"]
[Round "?"]
[White "Zakharov, Oleg Yu"]
[Black "Sanga, Alberto"]
[Result "1-0"]
[WhiteElo "2272"]
[BlackElo "2044"]
[PlyCount "115"]
[EventDate "2011.04.20"]
[EventType "tourn (corr)"]
[EventRounds "10"]
[EventCountry "GER"]
[SourceTitle "Corr 2022"]
[Source "ChessBase"]
[SourceDate "2021.10.24"]
[SourceVersion "1"]
[SourceVersionDate "2021.10.24"]
[SourceQuality "1"]

1. e4 c6 2. d4 d5 3. e5 Bf5 4. Nf3 e6 5. Be2 Nd7 6. 0-0 h6 7. Nbd2 Ne7 8. Nb3 Nc8 9. a4 Be7 10. Ne1 c5 11. dxc5 0-0 12. Nd3 Bxd3 13. Qxd3 Nxe5 14. Qg3 Ng6 15. Bd3 Bh4 16. Qe3 Nce7 17. f4 Bf6 18. c3 Nf5 19. Qf2 Rc8 20. Rd1 Qe7 21. g3 Rfe8 22. Nd4 Qxc5 23. Nxf5 exf5 24. Bxf5 Qxf2+ 25. Kxf2 Rcd8 26. Bd3 d4 27. c4 Ne7 28. Kf3 a5 29. Bd2 Nc6 30. Re1 b6 31. Rxe8+ Rxe8 32. Be4 Nb4 33. Bxb4 axb4 34. a5 bxa5 35. Rxa5 Rd8 36. Bd3 Re8 37. c5 Kf8 38. Bb5 Rd8 39. Ra7 d3 40. c6 d2 41. Ba4 Bxb2 42. Ke2 d1Q+ 43. Bxd1 Rc8 44. Ba4 Bd4 45. Rb7 Bc5 46. Kf3 f5 47. g4 fxg4+ 48. Kxg4 Bd6 49. Kf5 Rc7 50. Ke6 Rxb7 51. Kxd6 Rb8 52. c7 Ra8 53. Bc6 Rc8 54. Bb7 Re8 55. c8Q Rxc8 56. Bxc8 g5 57. f5 b3 58. Be6 1-0

[Event "SA-2011-0-00178"]
[Site "LSS email"]
[Date "2011.02.08"]
[Round "?"]
[White "Khlopov, Sergej"]
[Black "Sanga, Alberto"]
[Result "1/2-1/2"]
[WhiteElo "2131"]
[BlackElo "2094"]
[PlyCount "75"]
[EventDate "2011.01.16"]
[EventType "tourn (corr)"]
[EventRounds "6"]
[EventCountry "GER"]
[SourceTitle "Telechess CBM 153"]
[Source "ChessBase"]
[SourceDate "2013.03.14"]
[SourceVersion "1"]
[SourceVersionDate "2013.03.14"]
[SourceQuality "1"]

1. e4 c6 2. Ne2 d5 3. e5 c5 4. d4 Nc6 5. c3 Bf5 6. Nd2 e6 7. Nb3 c4 8. Nd2 f6 9. Nf3 fxe5 10. dxe5 Bc5 11. b4 cxb3 12. axb3 Nge7 13. b4 Bb6 14. b5 Na5 15. Ba3 Nc4 16. Ned4 Nxe5 17. Nxf5 Nxf3+ 18. Qxf3 Nxf5 19. Bd3 Qf6 20. 0-0 Kf7 21. Rae1 Nh4 22. Qe2 g6 23. c4 Rhe8 24. Bb2 Bd4 25. Bxd4 Qxd4 26. g3 Nf5 27. Rd1 Qf6 28. cxd5 exd5 29. Qa2 Rad8 30. Qxa7 Rd7 31. Rd2 Re5 32. Rfd1 Rde7 33. Qa3 h5 34. Qc1 h4 35. Bf1 hxg3 36. hxg3 d4 37. Rc2 Kg7 38. Rc7 1/2-1/2

[Event "SA-2011-0-00178"]
[Site "LSS email"]
[Date "2011.02.08"]
[Round "?"]
[White "Owens, Johnny"]
[Black "Sanga, Alberto"]
[Result "1/2-1/2"]
[WhiteElo "1902"]
[BlackElo "2094"]
[PlyCount "96"]
[EventDate "2011.01.16"]
[EventType "tourn (corr)"]
[EventRounds "6"]
[EventCountry "GER"]
[SourceTitle "Telechess CBM 153"]
[Source "ChessBase"]
[SourceDate "2013.03.14"]
[SourceVersion "1"]
[SourceVersionDate "2013.03.14"]
[SourceQuality "1"]

1. c4 Nf6 2. g3 g6 3. Bg2 Bg7 4. Nc3 0-0 5. Nf3 d6 6. d4 Nbd7 7. 0-0 e5 8. dxe5 dxe5 9. Qb3 c6 10. Rd1 Qc7 11. Be3 Ng4 12. Bd2 Qb6 13. Qxb6 axb6 14. h3 Nh6 15. Ne4 f6 16. Bb4 Rd8 17. g4 Nf7 18. Nh4 Bf8 19. a3 Kg7 20. Bxf8+ Nxf8 21. Rxd8 Nxd8 22. e3 Nf7 23. Rd1 Be6 24. Bf1 f5 25. gxf5 gxf5 26. Ng3 Kf6 27. f4 e4 28. Nh5+ Ke7 29. Ng7 Nd6 30. Rd2 Nd7 31. Rg2 Kf7 32. Rd2 Kxg7 33. Rxd6 Kf6 34. Be2 Ke7 35. Rd1 Nc5 36. Kf2 Na4 37. Rd2 Rd8 38. Rxd8 Kxd8 39. b3 Nc3 40. Ke1 b5 41. cxb5 cxb5 42. Kd2 Nb1+ 43. Kc2 Nxa3+ 44. Kc3 Kc7 45. Ng2 Kb6 46. Kb4 Nb1 47. Bxb5 Nd2 48. Bc4 Bxc4 1/2-1/2

[Event "SA-2011-0-00178"]
[Site "LSS email"]
[Date "2011.02.08"]
[Round "?"]
[White "Sanga, Alberto"]
[Black "Zielinski, Sergej"]
[Result "1/2-1/2"]
[WhiteElo "2094"]
[BlackElo "2136"]
[PlyCount "55"]
[EventDate "2011.01.16"]
[EventType "tourn (corr)"]
[EventRounds "6"]
[EventCountry "GER"]
[SourceTitle "Telechess CBM 153"]
[Source "ChessBase"]
[SourceDate "2013.03.14"]
[SourceVersion "1"]
[SourceVersionDate "2013.03.14"]
[SourceQuality "1"]

1. e4 e5 2. Nf3 Nc6 3. Bb5 a6 4. Ba4 Nf6 5. 0-0 Be7 6. Re1 b5 7. Bb3 d6 8. c3 0-0 9. h3 Na5 10. Bc2 c5 11. d4 Qc7 12. Nbd2 cxd4 13. cxd4 Nc6 14. Nb3 a5 15. Be3 a4 16. Nbd2 Bd7 17. Rc1 Qb7 18. Qe2 Rfe8 19. Bd3 Rab8 20. dxe5 Nxe5 21. Nxe5 dxe5 22. Bc5 Bc6 23. Nf3 Nd7 24. Bxe7 Rxe7 25. Rc3 Re6 26. Rec1 h6 27. Qc2 Rc8 28. a3 1/2-1/2

[Event "LSS SA-2010-0-00167"]
[Site "LSS email"]
[Date "2010.12.01"]
[Round "?"]
[White "Sanga, Alberto"]
[Black "Kuhn, Christian Helmut"]
[Result "1-0"]
[WhiteElo "2078"]
[BlackElo "1981"]
[PlyCount "35"]
[EventDate "2010.11.10"]
[EventType "tourn (corr)"]
[EventRounds "6"]
[EventCountry "GER"]
[SourceTitle "Telechess CBM 149"]
[Source "ChessBase"]
[SourceDate "2012.07.17"]
[SourceVersion "1"]
[SourceVersionDate "2012.07.17"]
[SourceQuality "1"]

1. d4 Nf6 2. c4 g6 3. Nc3 Bg7 4. e4 d6 5. Bg5 0-0 6. Qd2 c5 7. d5 e6 8. Bd3 exd5 9. cxd5 a6 10. a4 Re8 11. Nge2 Nbd7 12. Ng3 Qc7 13. 0-0 c4 14. Bc2 Ng4 15. h3 Nge5 16. Bh6 Bxh6 17. Qxh6 Qa5 18. f4 1-0

[Event "CP-2010-P-00014"]
[Site "LSS email"]
[Date "2010.09.28"]
[Round "?"]
[White "Percze, Rajmond"]
[Black "Sanga, Alberto"]
[Result "1/2-1/2"]
[WhiteElo "2278"]
[BlackElo "2028"]
[PlyCount "143"]
[EventDate "2010.10.01"]
[EventType "tourn (corr)"]
[EventRounds "6"]
[EventCountry "GER"]
[SourceTitle "Telechess CBM 145"]
[Source "Chessbase"]
[SourceDate "2011.11.11"]
[SourceVersion "1"]
[SourceVersionDate "2011.11.11"]
[SourceQuality "1"]

1. e4 e5 2. Nf3 Nc6 3. Bb5 a6 4. Ba4 Nf6 5. 0-0 Be7 6. Re1 b5 7. Bb3 0-0 8. c3 d5 9. exd5 Nxd5 10. Nxe5 Nxe5 11. Rxe5 c6 12. d4 Bd6 13. Re1 Qh4 14. g3 Qh3 15. Re4 g5 16. Qf1 Qxf1+ 17. Kxf1 Bf5 18. Nd2 h6 19. Re1 Rae8 20. Nf3 g4 21. Ng1 Bd3+ 22. Ne2 Re6 23. Bxd5 cxd5 24. Be3 Rfe8 25. Kg1 Kg7 26. Nc1 Be4 27. Nb3 b4 28. Rec1 bxc3 29. Rxc3 Bb4 30. Rc7 Rb8 31. Rac1 Kg6 32. Rd7 f6 33. Nc5 Bxc5 34. dxc5 Rxb2 35. c6 Re2 36. c7 Rc6 37. Kf1 Rxc1+ 38. Kxe2 Rc2+ 39. Kd1 Bf5 40. Bf4 Bxd7 41. Kxc2 Kf7 42. Kd3 Ke7 43. Kd4 Be6 44. a4 Kd7 45. Kc5 d4 46. Kb6 Bd5 47. Kxa6 d3 48. Kb6 h5 49. Kc5 Bb7 50. a5 Bf3 51. a6 Be2 52. a7 Bf3 53. Kd4 d2 54. Bxd2 Kxc7 55. Kd3 Kb7 56. Be3 Kc7 57. Bc5 Bd5 58. Ke3 Kb7 59. Kf4 Be6 60. Ke4 Ka8 61. Bb6 Kb7 62. Kd4 Bb3 63. Kc5 Bf7 64. Kd6 Ba2 65. Bd4 Bc4 66. Ke7 f5 67. Kf6 Bb5 68. Kxf5 Bd7+ 69. Kg5 Be8 70. Kh4 Bf7 71. h3 Be6 72. hxg4 1/2-1/2

[Event "LSS SA-2010-0-00142"]
[Site "LSS email"]
[Date "2010.07.25"]
[Round "?"]
[White "Sanga, Alberto"]
[Black "Kroes, Friso"]
[Result "1/2-1/2"]
[WhiteElo "2078"]
[BlackElo "1963"]
[PlyCount "54"]
[EventDate "2010.07.03"]
[EventType "tourn (corr)"]
[EventRounds "6"]
[EventCountry "GER"]
[SourceTitle "Telechess CBM 149"]
[Source "ChessBase"]
[SourceDate "2012.07.17"]
[SourceVersion "1"]
[SourceVersionDate "2012.07.17"]
[SourceQuality "1"]

1. e4 c5 2. Nf3 Nc6 3. d4 cxd4 4. Nxd4 Nf6 5. Nc3 e5 6. Ndb5 d6 7. Bg5 a6 8. Na3 b5 9. Bxf6 gxf6 10. Nd5 f5 11. Bd3 Be6 12. 0-0 Bxd5 13. exd5 Ne7 14. c3 Bg7 15. Qh5 e4 16. Bc2 Qa5 17. Rae1 Rc8 18. Bb3 Bxc3 19. bxc3 Qxa3 20. f3 Qc5+ 21. Kh1 e3 22. Qh6 Nxd5 23. Bxd5 Qxd5 24. Qxe3+ Kd7 25. Rd1 Qc5 26. Qh6 Rhe8 27. Qxh7 Re7 1/2-1/2

[Event "LSS BI-2010-P-00008"]
[Site "LSS email"]
[Date "2010.04.19"]
[Round "?"]
[White "Sanga, Alberto"]
[Black "Caldwell, Justin"]
[Result "1/2-1/2"]
[WhiteElo "2017"]
[BlackElo "2197"]
[PlyCount "50"]
[EventDate "2010.04.22"]
[EventType "tourn (corr)"]
[EventRounds "10"]
[EventCountry "GER"]
[SourceTitle "Telechess CBM 141"]
[Source "ChessBase"]
[SourceDate "2011.03.17"]
[SourceVersion "1"]
[SourceVersionDate "2011.03.17"]
[SourceQuality "1"]

1. e4 c5 2. Nf3 Nc6 3. d4 cxd4 4. Nxd4 Nf6 5. Nc3 e5 6. Ndb5 d6 7. Bg5 a6 8. Na3 b5 9. Bxf6 gxf6 10. Nd5 Bg7 11. Bd3 Ne7 12. Nxe7 Qxe7 13. 0-0 0-0 14. c4 f5 15. Qf3 Qb7 16. exf5 Qxf3 17. gxf3 Rd8 18. cxb5 axb5 19. Nxb5 Bb7 20. Be2 Bh6 21. Rfd1 d5 22. Bd3 d4 23. Be4 Rab8 24. a4 Ba6 25. Bd3 Bb7 1/2-1/2

[Event "LSS BI-2010-P-00008"]
[Site "LSS email"]
[Date "2010.04.19"]
[Round "?"]
[White "Sanga, Alberto"]
[Black "Fetisov, Ilja"]
[Result "1-0"]
[WhiteElo "2011"]
[BlackElo "1493"]
[PlyCount "53"]
[EventDate "2010.04.22"]
[EventType "tourn (corr)"]
[EventRounds "10"]
[EventCountry "GER"]
[SourceTitle "Telechess CBM 141"]
[Source "ChessBase"]
[SourceDate "2011.03.17"]
[SourceVersion "1"]
[SourceVersionDate "2011.03.17"]
[SourceQuality "1"]

1. e4 c5 2. Nf3 Nc6 3. d4 cxd4 4. Nxd4 Nf6 5. Nc3 e5 6. Ndb5 d6 7. Bg5 a6 8. Na3 b5 9. Bxf6 gxf6 10. Nd5 Bg7 11. Bd3 Ne7 12. Nxe7 Qxe7 13. 0-0 0-0 14. c4 f5 15. Qf3 bxc4 16. Nxc4 d5 17. exd5 e4 18. Qe3 Bb7 19. d6 Qf6 20. Bc2 f4 21. Qh3 Rac8 22. b3 Qg6 23. Rad1 Rc5 24. d7 Rh5 25. Qf3 f5 26. Qxf4 Rd8 27. Qc7 1-0

[Event "LSS BI-2010-P-00008"]
[Site "LSS email"]
[Date "2010.04.19"]
[Round "?"]
[White "Siger, Imre Csaba"]
[Black "Sanga, Alberto"]
[Result "1/2-1/2"]
[WhiteElo "2034"]
[BlackElo "2016"]
[PlyCount "107"]
[EventDate "2010.04.22"]
[EventType "tourn (corr)"]
[EventRounds "10"]
[EventCountry "GER"]
[SourceTitle "Corr 2013"]
[Source "ChessBase"]
[SourceDate "2012.11.12"]
[SourceVersion "1"]
[SourceVersionDate "2012.11.12"]
[SourceQuality "1"]

1. d4 Nf6 2. c4 g6 3. Nc3 Bg7 4. e4 d6 5. Be2 0-0 6. Nf3 e5 7. 0-0 Nc6 8. Be3 Ng4 9. Bg5 f6 10. Bh4 g5 11. Bg3 Nh6 12. dxe5 fxe5 13. Nd5 Be6 14. h4 Rxf3 15. Bxf3 gxh4 16. Bh2 Nd4 17. Bh5 h3 18. f4 Kh8 19. Rf2 c6 20. Ne3 Qh4 21. g3 Qe7 22. f5 Bd7 23. Qd3 Qg5 24. Bf3 Ng8 25. Bg4 d5 26. Bxh3 dxe4 27. Qxe4 Nf6 28. Qd3 Nf3+ 29. Rxf3 e4 30. Qe2 exf3 31. Qxf3 Re8 32. Re1 Re4 33. Kf1 Bh6 34. Bg1 c5 35. Bf2 Bc6 36. b3 Rxc4 37. Qe2 Rd4 38. Nc4 Re4 39. Qd1 Bf8 40. Ne5 Rxe1+ 41. Bxe1 Bb5+ 42. Nc4 b6 43. Qd3 Qc1 44. Bg2 Bg7 45. a4 Bd7 46. Ke2 b5 47. axb5 Bxb5 48. Be4 h5 49. Bf3 Qa1 50. Kf1 Qd4 51. Qxd4 cxd4 52. Bb4 Ng4 53. Kg2 Bf6 54. Bc5 1/2-1/2